000 00841nam a2200241Ia 4500
003 GCL
008 140319s9999 xx 000 0 ara d
040 _aGCL /
_cGCL
082 0 4 _a301.593
_bا ج
100 1 _aاحمد ابراهيم خضر
245 1 0 _aالجيش والمجتمع: دراسات فى علم الاجتماع العسكرى /
_cاحمد ابراهيم خضر
260 _a[S.N] :
_bدار المعارف ،
_c1985
300 _a439
490 _aسلسلة علم الاجتماع المعاصر
_v0
650 0 4 _aالعلوم الحربية
650 0 4 _aالاجتماع
650 0 4 _aالقيادة الادارية
650 0 4 _aعلم النفس العسكرى
650 0 4 _aالقيادة
650 0 4 _aالاستراتيجية
650 0 4 _aالاجتماع العسكرى، علم
942 _2ddc
_cBK
999 _c55099
_d55099